LEADER 01240nam a2200289 i 4500 001 000000036799 003 CaOOAMICUS 005 20040514000000.0 008 040514s1996 it u000 u ita u 013 $a6593 020 $a88-343-2978-3 040 $aSeMil$bita 100 1 $aScurati, Cesare.$0(OLS)http://semarc/name/17200 245 10$aProfili nell'educazione :$bideali e modelli pedagigici nel pensiero contemporaneo /$cCesare Scurati ; collaborazione di Luciano Caimi ... [et al.]. 250 $a2. ed. 260 $aMilano :$bVita e Pensiero,$c1996. 300 $a393 p. :$bill. ;$c22 cm. 500 $aFondo Card. C.M. Martini. 650 4$aPedagogia - Storia - Sec. 20.$0(OLS)http://semarc/subject/7197 700 1 $aCaimi, Luciano,$d<1947- >.$0(OLS)http://semarc/name/5077 850 $aSeMil 852 $aSeMil$W1$xVenegono$y1$m2Q IV 222$j2954$B2954$CSeMilBibl$Z2$F2954 $81 941 1 $a4 961 $aOmaggio: Martini Card. Carlo Maria 996 $6020$a88-343-2978-3$9(OLS)http://semarc/number/5577 996 $6245$aProfili nell'educazione :$bideali e modelli pedagigici nel pensiero contemporaneo$9(OLS)http://semarc/title/51176 996 $6260$aMilano :$bVita e Pensiero$9(OLS)http://semarc/publisher/29642 LEADER 01798nam a2200337 i 4500 001 000000184371 003 CaOOAMICUS 005 20241121125433.0 008 100105s2009 gw m u000 u ger u 013 $a162351 020 $a978-3-11-020695-1 040 $aSeMil$bita 100 1 $aHeinrich, André.$0(OLS)http://semarc/name/45194 245 10$aDavid und Klio :$bhistoriographische Elemente in der Aufstiegsgeschichte Davids und im Alten Testament /$cAndré Heinrich. 260 $aBerlin ; New York :$bDe Gruyter,$c2009. 300 $aXII, 437 p. ;$c24 cm. 490 0 $aBeihefte zur Zeitschrift für die alttestamentliche Wissenschaft ;$v401 500 $aTesto della tesi, Theologische Fakultät, Georg-August-Univ. di Göttingen, 2007 504 $aLiteraturverzeichnis, p. 393-414 600 04$aDavid .$0(OLS)http://semarc/subject/15813 650 4$aBibbia - Storiografia.$0(OLS)http://semarc/subject/7539 650 4$aBibbia. Antico Testamento. 1 Samuele - Commentari, studi, critica, interpretazioni.$0(OLS)http://semarc/subject/7202 650 4$aBibbia. Antico Testamento - Commentari, studi, critica, interpretazioni.$0(OLS)http://semarc/subject/2 830 0$aBeihefte zur Zeitschrift für die alttestamentliche Wissenschaft ;$v401.$0(OLS)http://semarc/title/294 850 $aSeMil 852 $aSeMil$W1$xVenegono$y1$m2XA Q 401$j252489$B135067$CSeMilBibl$Z2$F146699 $81 961 $aSottoscrizione: De Gruyter 996 $6020$a978-3-11-020695-1$9(OLS)http://semarc/number/174313 996 $6245$aDavid und Klio :$bhistoriographische Elemente in der Aufstiegsgeschichte Davids und im Alten Testament$9(OLS)http://semarc/title/264618 996 $6260$aBerlin ; New York :$bDe Gruyter$9(OLS)http://semarc/publisher/29892